000 01143cam a2200265 a 4500
001 000005949
005 20200929151845.0
008 890831s1980 sp 001 p spa
020 _a8400045629
040 _aDO-SdBNP
_bspa
_cBNPHU
082 _a861.6
_bM798c
100 1 _aMontón Puerto, Pedro,
_d1925-1992
_916754
245 1 0 _aCasi toda una vida y parte de la muerte :
_bantología /
_cPedro Montón Puerto ; prólogo, José Galindo Anton.
260 _aZaragoza, España :
_bCentro de Estudios Bilbilitanos :
_bInstitución "Fernando el Católico",
_c[198?].
300 _a78 p. ;
_c25 cm.
490 1 _a"San Jorge"
_v21
490 1 _aPublicación del Centro de Estudios Bilbilitanos
_v2
490 1 _aPublicación de la Institución "Fernando el Católico"
_v743
500 _aIncluye datos biográficos del autor en la solapa de la cubierta
650 4 _aPoesía española
_9631
650 4 _aLiteratura española
_ySIGLO XXI
_94846
830 0 _a"San Jorge" ;
_n21.
_916755
830 0 _aPublicación del Centro de Estudios Bilbilitanos ;
_n2.
_916756
830 0 _aPublicación de la Institución "Fernando el Católico" ;
_v743.
_913716
999 _c5745
_d5745